Statistics for British Monarchy

Click here to take the quiz!

General Stats

  • This quiz has been taken 2,810 times
  • The average score is 51 of 69

Answer Stats

YearAnswer% Correct
1558 - 1603Elizabeth I
98%
1952 - Present.Elizabeth II
98%
1272 - 1307Edward I
96%
1307 - 1327Edward II
96%
1327 - 1377Edward III
96%
1471 - 1483Edward IV
96%
1461 - 1470Edward IV
96%
1483Edward V
96%
1547 - 1553Edward VI
96%
1901 - 1910Edward VII
96%
1936Edward VIII
96%
1714 - 1727George I
96%
1727 - 1760George II
96%
1760 - 1820George III
96%
1820 - 1830George IV
96%
1910 - 1936George V
96%
1936 - 1952George VI
96%
1100 - 1135Henry I
96%
1154 - 1189Henry II
96%
1216 - 1272Henry III
96%
1399 - 1413Henry IV
96%
1170 - 1183Henry the Young King
96%
1413 - 1422Henry V
96%
1470 - 1471Henry VI
96%
1422 - 1461Henry VI
96%
1485 - 1509Henry VII
96%
1509 - 1547Henry VIII
96%
1042 - 1066Edward the Confessor
95%
899 - 924Edward the Elder
95%
975 - 978Edward the Martyr
95%
1087 - 1100William II
94%
1689 - 1702William III
94%
1066 - 1087William I the Conqueror
94%
1830 - 1837William IV
94%
1837 - 1901Victoria
93%
1553 - 1558Mary I
92%
1689 - 1694Mary II
92%
1625 - 1649Charles I
89%
1660 - 1685Charles II
89%
1603 - 1625James I
86%
1685 - 1688James II
86%
1658 - 1659Richard Cromwell
86%
1189 - 1199Richard I
85%
1377 - 1399Richard II
85%
1483 - 1485Richard III
85%
1199 - 1216John
83%
1702 - 1714Anne
78%
1135 - 1154Stephen
68%
1652 - 1658Oliver Cromwell
61%
1553Lady Jane Grey
60%
1066Harold Godwinson
54%
1035 - 1040Harold Harefoot
54%
880 - 899Alfred the Great
47%
1554 - 1558Philip
40%
1141Matilda
35%
1216 - 1217Louis VIII of France
29%
1016 - 1035Cnut
28%
939 - 946Edmund I
27%
1016Edmund Ironside
27%
959 - 975Edgar the Peaceful
25%
1014 - 1016Aethelred the Unready
24%
978 - 1013Aethelred the Unready
24%
1066Edgar the Aetheling
24%
924 - 939Aethelstan
18%
1040 - 1042Harthacnut
15%
955 - 959Eadwig
14%
1013 - 1014Sweyn Forkbeard
14%
946 - 955Eadred
13%
924Aelfweard
7%

Score Distribution

Percentile by Number Answered

Percent of People with Each Score

Your Score History

You have not taken this quiz